000 01115nam a22002177a 4500
999 _c53675
_d53675
005 20251125233027.0
008 s2547 th tha d
040 _aNALT
041 _atha
090 _aIS 1/2547-48 42
100 0 _aนุศรี ชัยสุวรรณ์
_918295
245 1 0 _aสังคมไทยในยุคโลกาภิวัตน์กับการประชาสัมพันธ์ /
_cนุศรี ชัยสุวรรณ์.
246 3 0 _aเอกสารวิชาการกรณีศึกษาส่วนบุคคล
260 _aกรุงเทพฯ :
_bสำนักงานเลขาธิการสภาผู้แทนราษฎร,
_c2547.
300 _a24 หน้า :
_bแผนภูมิ ;
_c30 ซม.
650 4 _aการประชาสัมพันธ์
_918239
_xการศึกษาเฉพาะกรณี
850 _aNALT
856 4 0 _uhttps://hdl.handle.net/20.500.14156/18405
942 _cIS
_2local
_01
998 _j8
_k บัณฑิต อุทาวงค์